000 00521nam a22002057a 4500
999 _c8046
_d8046
003 OSt
005 20221110115201.0
008 221110b ||||| |||| 00| 0 eng d
020 _a1881063046
040 _cDDC
082 _aWG 141.5 03a 1994
100 _aOpie,H.Lionel;
_916372
245 _aAngiotensin Converting Enzyme inhibitors
250 _a2nd ed.
260 _aNew York;
_bWiley-LiSS
_c1994
300 _a316p;
_bill,
_c27cm.
504 _aincludes index.
650 _aMedicine
_9324
942 _2lcc
_cO_SHELF